| 000 | 00715nam a2200241 a 4500 | ||
|---|---|---|---|
| 001 | 62867 | ||
| 003 | BD-RjUL | ||
| 005 | 20211209081132.0 | ||
| 008 | 170126s1977 enkaf b 001 0 eng | ||
| 020 |
_a0333180380 : _c£8.95 |
||
| 035 | _a(BD-RjUL)62995 | ||
| 040 |
_aDLC _cDLC _dBD-RjUL _beng |
||
| 041 | _aeng | ||
| 082 | 0 | 0 |
_a828.809 _223 _bSHO 1977 |
| 100 | 1 |
_aShewan, Rodney. _9186912 |
|
| 245 | 1 | 0 |
_aOscar Wilde : _bart and egotism / _cRodney Shewan. |
| 260 |
_aLondon : _bMacmillan, _c1977. |
||
| 300 |
_axix, 239 p. : _bill. ; _c23 cm. |
||
| 500 | _aIncludes index. | ||
| 504 | _aBibliography: p. [226]-232. | ||
| 600 | 1 | 0 |
_aWilde, Oscar, _d1854-1900 _xCriticism and interpretation. _9186919 |
| 942 |
_2ddc _cBK |
||
| 999 |
_c62867 _d62867 |
||